00408cam a2200157ua 45000010005000000080039000050400009000440820011000531000032000642450045000962500009001412600039001503000023001896530014002126530024002262298110805n ii |||gr||||Z||||||asm cMAIN a370.15 aSharma, Mukul Kr.,eAuthor.1 aShiksha mmonobigyancby mukul Kr. Sharma a3rd. aDibrugarh:bStudents emporium,998. a464p:bill;c23cm. aEducation aShiksha mmonobigyan